000 00352nam a2200145Ia 4500
008 230718s9999 xx 000 0 und d
041 _aEng.
082 _a340
_bJ-A-P
100 _aJ-Anwar-ul-Haq-Maulvi
245 0 _aPakistan law journal
260 _aPakistan
_bAll Pakistan Legal Decision
_c2008
300 _a1088
650 _aLaw
999 _c27479
_d27479